The Works of JOSEPHUS (Record no. 14987)

MARC details
000 -LEADER
fixed length control field 00609nam a2200241 a 4500
020 ## - INTERNATIONAL STANDARD BOOK NUMBER
ISBN 9781565631670
082 00 - DEWEY DECIMAL CLASSIFICATION NUMBER
Classification number 296.09
Author Cutter WHI1
100 ## - MAIN ENTRY--AUTHOR NAME
Author name Whiston, William
245 ## - TITLE STATEMENT
Title The Works of JOSEPHUS
Sub title Complete and Unabridged
260 ## - PUBLICATION, DISTRIBUTION, ETC. (IMPRINT)
Place of publication USA
Name of publisher Hendrickson Pubs
Year of publication 1987
300 ## - PHYSICAL DESCRIPTION
Number of Pages 926p
500 ## - GENERAL NOTE
General note includes index and biblioraphy
505 2# - FORMATTED CONTENTS NOTE
Formatted contents note Index
650 ## - SUBJECT ADDED ENTRY--TOPICAL TERM
Topical Term Judaism-History
942 ## - ADDED ENTRY ELEMENTS (KOHA)
Koha item type Books
700 1# -
-- Whiston, William
Holdings
Collection code Home library Current library Date acquired Cost, normal purchase price Full call number Accession Number Koha item type
  Henry Martyn Institute Library Henry Martyn Institute Library 04/13/2010 879.00 296.09 WHI1 023276 Books
                   Copyright © 2026 | Henry Martyn Institute | Hyderabad | TS-500052 | INDIA | Implemented by hmi.edu.in
Hit-Count:

Powered by Koha